000
00188 a2200097 4500
001
450
100
_a
Sisam,CH
245
_a
Analytic Geometry
260
_a
_b
Rinehart
_c
090
_c
68
_d
68
942
_a
NUST-CAE
_c
M
_c
33377
999
_c
235523
_d
235523